LEADER 01094nam0 22003011i 450 001 UON00487793 005 20231205105318.540 010 $a88-211-8360-2 100 $a20180416d1988 |0itac50 ba 101 $aita 102 $aIT 105 $a|||| ||||| 200 1 $aChiavi per l'ebraismo$fAndré Neher$gintroduzione di Tommaso Federici 210 $aGenova$cMarietti$d1988 215 $aXXIV, 125 p.$d22 cm. 410 1$1001UON00487152$12001 $aRadici$1210 $aGenova$cMarietti$v9 606 $aEBRAISMO$3UONC003227$2FI 620 $aIT$dGenova$3UONL000144 676 $a296$cEbraismo$v21 700 1$aNEHER$bAndré$3UONV225064$0159086 702 1$aFEDERICI$bTommaso$3UONV022964 712 $aMarietti$3UONV245912$4650 801 $aIT$bSOL$c20240220$gRICA 899 $aSIBA - SISTEMA BIBLIOTECARIO DI ATENEO$2UONSI 912 $aUON00487793 950 $aSIBA - SISTEMA BIBLIOTECARIO DI ATENEO$dSI FS 06863 $eSI FP 13965 5 996 $aClefs pour le judaïsme$91669089 997 $aUNIOR